000 00826nam a2200241Ia 4500
003 OSt
005 20220926021856.0
006 a|||||r|||| 00| 0
007 ta
008 220923b |||||||| |||| 00| 0 eng d
037 _cGeneral Book
040 _aRTL
_cRTL
_beng
041 _2eng
_aeng
082 _aV1N45,933:8.N74r, L4,1 /UN
110 _aUNITED NATIONS, GENERAL ASSEMBLY, OFFICIAL RECORDS: 29th SESSION
_9326140
245 0 _aReport of the secretary general on the work of the organization
260 _aNew York
_bUnited Nations
_c1974
300 _axii, 133p
_ccm.
500 _aSupplement no. 1 A/9601
700 _aUNITED NATIONS, GENERAL ASSEMBLY, OFFICIAL RECORDS: 29th SESSION
_9326141
942 _hV1N45,933:8.N74r, L4,1 /UN
_cGB
_2CC
999 _c637907
_d637907